Statistics for Most Mentioned Allies of Russia

Click here to take the quiz!

General Stats

  • This quiz has been taken 30,265 times
    (29,401 since last reset)
  • The average score is 11 of 17

Answer Stats

% MentionedCountry% Correct
40China
98%
58Belarus
85%
35Kazakhstan
83%
13India
73%
7Turkey
71%
9Uzbekistan
70%
17Armenia
66%
13Azerbaijan
65%
6Georgia
63%
9Kyrgyzstan
63%
12Syria
59%
9Cuba
50%
6Serbia
49%
10Germany
47%
7Vietnam
47%
6Bulgaria
39%
11Venezuela
32%

Score Distribution

Percentile by Number Answered

Percent of People with Each Score

Your Score History

You have not taken this quiz since the last reset